000 01043namaa2200301 i 4500
003 EG-GICUC
005 20260128103857.0
008 260121s2000 ** |||jr|||| 000 0 ara d
040 _aEG-GiCUC
_bara
_cEG-GiCUC
_dEG-GiCUC
_erda
082 0 4 _221
_a201.16
_bH126
092 0 4 _221
_a201.16
_bH126
099 _a201.16 H126 2000
100 1 _aحداد، غريغوار
_eمؤلف.
245 1 2 _aالعلمانية الشاملة /
_cغريغوار حداد.
250 _aالطبعة الثانية
264 _a[مكان النشر غير محدد :
_bالناشر غير محدد]،
_c2000.
300 _a85 صفحة ؛
_c21 سم
336 _2rdacontent
_atext
337 _2rdamedia
_aUnmediated
338 _2rdacarrier
_avolume
490 _aعناصر حوار ؛
_v4
504 _aيشتمل على ارجاعات ببليوجرافية.
541 _aد. جابر عصفور ؛
_bالقاهرة ؛
_cإهداء ؛
_d2024.
650 1 7 _aالعلمانية
_2qrmak
651 1 _2qrmak
905 _aAya
942 _2ddc
_cBK
_e21
_n0
999 _c177927
_d177927